| 000 | 00801nas a2200241 4500 | ||
|---|---|---|---|
| 001 | BR0806037 | ||
| 003 | BR-BrBNA | ||
| 005 | 20231205112052.0 | ||
| 007 | ta | ||
| 008 | 230509b bl.|||p| |||| 00| 00por d | ||
| 040 |
_aBR-BrBNA _bpor _cBiblioteca Nacional de Agricultura |
||
| 041 | _a(Pt) | ||
| 072 | _aF01; L02 | ||
| 100 | 1 | _aSbrissia, A.F. | |
| 100 | 1 | _aSilva, S.C. da | |
| 245 | 1 | _aComparação de três métodos para estimativa do índice de área foliar em pastos de capim-marandu sob lotação contínua | |
| 650 | _aDENSIDADE DEMOGRÁFICA | ||
| 650 | _aPERFILHAÇÃO | ||
| 650 | _aÁREA FOLIAR | ||
| 773 | 0 |
_tRevista Brasileira de Zootecnia (Brazil) _xISSN 1516-3598 _g(Feb 2008), v. 37(2) p. 212-220 _wBR0806037 |
|
| 909 |
_a202311 _bLúcia _c55 _dLúcia Elande |
||
| 942 |
_2AGRIS _n0 _cANA |
||
| 999 |
_c195928 _d195928 |
||